| 000 | 00591nam a2200229Ia 4500 | ||
|---|---|---|---|
| 003 | OSt | ||
| 005 | 20220924151006.0 | ||
| 006 | a|||||r|||| 00| 0 | ||
| 007 | ta | ||
| 008 | 220923b |||||||| |||| 00| 0 tel d | ||
| 024 | _a335519 | ||
| 037 | _cTextual | ||
| 040 |
_aARTS _cARTS _btel |
||
| 041 |
_2tel _atel |
||
| 082 | _aO35,3NBH1x, K6 | ||
| 100 |
_aBhanumati Ramakrishnan _9223368 |
||
| 245 | 0 | _aAttagari kathalu II | |
| 260 | _c1966 | ||
| 650 | _aTELUGU FICTION | ||
| 942 |
_hO35,3NBH1x, K6 _cTEXL _2CC |
||
| 999 |
_c465214 _d465214 |
||